000 00510nam a2200169 i 4500
001 76080
003 ES-MaACL
005 20230906172719.0
007 t|
008 040929s1969 sp ||||1| spa d
100 1 _aGreen, J. H.
_959841
245 1 0 _aManual de Fisiología Humana /
_cpor J.H. Green ; traducción, Jorge Mota Revetllat.
260 _aBarcelona :
_bMarin,
_c[1969]
300 _aXV, 420 p. :
_bil. ;
_c24 cm.
700 1 _aMota Revetllat, Jorge.
_983822
852 _aES-MaACL
_jC-37985
_bR.71398
999 _c76080
_d76080